000 00941nam a22002657a 4500
999 _c33488
_d33488
001 2724
003 CO-MdFUSB
005 20171117122217.0
008 171117t19961998sp ||||| |||| 00| 0 spa d
020 _a84-8169-185-5
040 _aCO-MdFUSB
_bspa
_cCO-MdFUSB
_dCO-MdFUSBC
_erda
041 0 _aspa
082 0 4 _aG 226 S567c
100 1 _aSicre Díaz, José Luis (1940-)
_eautor
245 1 3 _aEl cuadrante
_b: Introducción a los evangelios
_c / José Luis Sicre
250 _a4
264 4 _aEstella, Navarra, España :
_b Verbo Divino,
_c©1996
336 _2rdacontent
_atexto
_btxt
337 _2rdamedia
_asin mediación
_bn
338 _2rdacarrier
_avolumen
_bnc
505 0 0 _aTomo I : La búsqueda. 301 Pag. Tomo II : La apuesta. El mundo de Jesús. 326 Pag. Tomo III : El encuentro. El cuarto evangelio. 287 Pag
653 _aBiblia N.T. - Evangelios - Ingtroducciones
653 _aBiblia N.T. - Contexto cultural
942 _cBK